000 00716nam a2200217 a 4500
003 0
005 20250312150018.0
008 080728s19uu xx 00 eng d
050 _aPGS TX 360
_b.N174 2008
100 _aNam, Ae Sun.
245 _aFood preference of children and parents /
_cAe Sun Nam.
260 _aLas PiƱas City, Philippines :
_bSouthville International School and Colleges,
_c2008.
300 _a23 pages :
_billustrations ;
_c28 cm.
504 _aIncludes bibliographical references.
650 _aFood preferences.
650 _aFood habits.
650 _aChildren
_vNutrition.
650 _aParents
_vNutrition.
650 _aParent and child
_vEating habits.
942 _2lcc
_cPASS
999 _c97953
_d97953